| Tag |
First Indicator |
Second Indicator |
Subfields |
| LEADER |
00000cam a2200000 4500 |
| 001 |
in00000181221 |
| 005 |
20151008085907.0 |
| 008 |
790309s1954 caua 00000 eng d |
| 010 |
|
|
|a 54038245
|
| 035 |
|
|
|a (OCoLC)04729283
|
| 035 |
|
|
|9 AAU0696AM
|
| 040 |
|
|
|a OKU
|c OKU
|d TXA
|d UtOrBLW
|
| 049 |
|
|
|a TXAS
|c [382720]
|
| 050 |
0 |
0 |
|a GR110.C3
|b R6
|
| 082 |
0 |
|
|a 398.21
|
| 100 |
1 |
|
|a Rojas, Arnold R.,
|d 1899-
|
| 245 |
1 |
0 |
|a California vaquero.
|
| 264 |
|
1 |
|a Fresno, Calif. :
|b Academy Library Guild,
|c 1953 [i.e. 1954]
|
| 300 |
|
|
|a 125 pages :
|b illustrations ;
|c 23 cm.
|
| 336 |
|
|
|a text
|b txt
|2 rdacontent
|
| 337 |
|
|
|a unmediated
|b n
|2 rdamedia
|
| 338 |
|
|
|a volume
|b nc
|2 rdacarrier
|
| 650 |
|
0 |
|a Tales
|z California.
|
| 999 |
|
|
|a MARS
|
| 999 |
f |
f |
|s 741bc70e-4d78-32a4-9ec5-26ffd97157eb
|i 5db0b376-78a0-3623-b2b1-7eefe8bb2b95
|t 0
|
| 952 |
f |
f |
|p noncirc
|a Texas A&M University
|b College Station
|c Cushing Memorial Library & Archives
|d Cushing: Dykes (Does not check out)
|t 0
|e GR110.C3 R6
|h Library of Congress classification
|i unmediated -- volume
|m A14851743881
|
| 998 |
f |
f |
|a GR110.C3 R6
|t 0
|l Cushing: Dykes (Does not check out)
|